000 00628nam a2200217 a 4500
008
049 _aMAIN
090 _aQA401
_bKRE
100 _aKreyszig, Erwin.
245 0 _aAdvanced engineering mathematics /
_cErwin Kreyszig.
250 _a7th ed.
260 _aNew York :
_bJohn Wiley & Sons,
_c1993.
300 _axvii, 1383 p. :
_bill. ;
_c25 cm.
500 _aIncludex index.
650 _aMathematical physics
_xengineering mathematics.
907 _a.b10162045
_b17-09-10
_c03-05-05
003
005 20230120193559.0
040 _cNUST
942 _cBOOKS
_kQA401
_mKRE
999 _c101639
_d101639